000 00367nam a2200145Ia 4500
008 191201s2003 xx 000 0 und d
082 _a004.6
_bFOB
100 _aFOROUZAN, Behrouz A
245 0 _aBusiness Data Communications
250 _a2nd
260 _aN.Delhi
_bTata Mc Graw Hill Pub co. Ltd
_c2003
300 _a407
650 _aB.Tech(CSE)
942 _2ddc
_cBK
999 _c1163
_d1163